[Event "55th World U20 ch"]
[Site "Bhubaneswar IND"]
[Date "2016.08.17"]
[Round "9.32"]
[White "Nyamdorj, Davaaochir"]
[Black "Yogit, S."]
[Result "0-1"]
[WhiteElo "2015"]
[BlackElo "2270"]
[EventDate "2016.08.08"]
[PlyCount "130"]

1.e4 e5 2.Nf3 Nc6 3.Bb5 a6 4.Ba4 Nf6 5.O-O b5 6.Re1 Be7 7.Bb3 d6 8.c3 O-O 
9.h3 Bb7 10.d4 Re8 11.Nbd2 Bf8 12.a3 h6 13.d5 Nb8 14.Nh2 Nbd7 15.Ng4 Nc5 
16.Nxf6+ Qxf6 17.Bc2 c6 18.b4 Na4 19.Bxa4 bxa4 20.Nc4 cxd5 21.Nb6 dxe4 22.
Nxa8 Rxa8 23.c4 Qe6 24.Qe2 f5 25.Bb2 f4 26.Rac1 f3 27.Qf1 Be7 28.g3 e3 29.
fxe3 f2+ 30.Qxf2 Qxh3 31.e4 Rf8 32.Qg2 Qg4 33.Rc3 Bd8 34.c5 dxc5 35.bxc5 
Ba5 36.Qe2 Qg6 37.Re3 Bxe1 38.Qxe1 Qg5 39.Qe2 Bc6 40.Rf3 Rxf3 41.Qxf3 Qd2 
42.Qc3 Qd1+ 43.Kf2 Bb5 44.g4 Qf1+ 45.Kg3 Qf4+ 46.Kg2 Bf1+ 47.Kg1 Be2 48.
Qe1 Qxg4+ 49.Kh2 Qh5+ 50.Kg1 Bb5 51.Qd2 Qg4+ 52.Qg2 Qd1+ 53.Kh2 Bc6 54.Kg3
Qe1+ 55.Qf2 Qxe4 56.Qd2 Qf3+ 57.Kh2 Qf4+ 58.Qxf4 exf4 59.Kh3 Bf3 60.Bc3 
Kh7 61.Be5 g5 62.Bxf4 gxf4 63.c6 Bxc6 64.Kg4 f3 65.Kg3 Kg6 0-1

[Event "55th World U20 ch"]
[Site "Bhubaneswar IND"]
[Date "2016.08.17"]
[Round "9.33"]
[White "Ranjan Sahoo, Utkal"]
[Black "Weerasinghe, C. C."]
[Result "1-0"]
[WhiteElo "2266"]
[BlackElo "1785"]
[EventDate "2016.08.08"]
[PlyCount "101"]

1.d4 Nf6 2.c4 g6 3.Nc3 d5 4.Nf3 Bg7 5.Bg5 O-O 6.Bxf6 Bxf6 7.cxd5 c5 8.dxc6
Nxc6 9.e3 Qa5 10.Be2 e5 11.dxe5 Nxe5 12.O-O Nxf3+ 13.Bxf3 Bxc3 14.bxc3 
Qxc3 15.Qd6 Qa5 16.a3 Rd8 17.Qf4 Be6 18.Bxb7 Rab8 19.Bf3 Rb3 20.Qf6 Rdb8 
21.a4 R3b4 22.Bc6 R4b6 23.Qf4 Rb4 24.Qg3 a6 25.h3 Rc8 26.Rfc1 Rb2 27.Qf3 
Qe5 28.Rd1 Rc2 29.Bb7 Rb8 30.Bxa6 Rbb2 31.Bf1 Bb3 32.Rd4 Ra2 33.Rb1 Bxa4 
34.Qf4 Qxf4 35.Rxf4 Bd7 36.Bc4 Rxc4 37.Rxc4 Be6 38.Rd4 Kg7 39.Rbd1 Ra7 40.
Kh2 Ra2 41.R1d2 Ra7 42.g4 Ra5 43.Kg3 Ra1 44.f4 Rg1+ 45.Kf2 Rh1 46.Kg2 Re1 
47.e4 Bc8 48.Rb2 Re3 49.Rb8 Rc3 50.Rd8 Ba6 51.g5 1-0

[Event "55th World U20 ch"]
[Site "Bhubaneswar IND"]
[Date "2016.08.17"]
[Round "9.34"]
[White "Evangelista, Paul Robert"]
[Black "Squella Lavin, Carlos Felipe"]
[Result "0-1"]
[WhiteElo "2020"]
[BlackElo "2203"]
[EventDate "2016.08.08"]
[PlyCount "94"]

1.e4 e6 2.d3 c5 3.g3 Nc6 4.Bg2 g6 5.Nc3 Bg7 6.Be3 b6 7.Nge2 Nge7 8.d4 cxd4
9.Nxd4 O-O 10.O-O a6 11.f4 Bb7 12.Nxc6 Bxc6 13.Bd4 f6 14.h4 Qc7 15.Qe2 f5 
16.e5 Bxg2 17.Kxg2 b5 18.Kh2 Rac8 19.a3 Nc6 20.Rfd1 Rf7 21.Qf2 Nxd4 22.
Qxd4 d5 23.a4 Qb7 24.axb5 axb5 25.Ra5 Rc4 26.Qd3 b4 27.Nxd5 exd5 28.Rxd5 
Qc6 29.Rd2 Bf8 30.Qb3 Kg7 31.h5 Re4 32.hxg6 hxg6 33.Kg2 Qa6 34.Rd7 Qc4 35.
Qa4 Kg8 36.Rxf7 Qxf7 37.Qc6 Rc4 38.Qa6 Rc7 39.Qb6 Ra7 40.Qd4 Qb7+ 41.Kf2 
Ra5 42.Qc4+ Kg7 43.g4 fxg4 44.Qd3 Be7 45.Kg3 Qh1 46.e6 Qh3+ 47.Kf2 Bc5+ 
0-1

[Event "55th World U20 ch"]
[Site "Bhubaneswar IND"]
[Date "2016.08.17"]
[Round "9.35"]
[White "Holleland, Sigve"]
[Black "Subramaniam, Shreyes"]
[Result "0-1"]
[WhiteElo "2106"]
[BlackElo "1863"]
[EventDate "2016.08.08"]
[PlyCount "74"]

1.c4 c5 2.Nc3 Nc6 3.g3 g6 4.Bg2 Bg7 5.d3 e6 6.e4 Nge7 7.Nge2 O-O 8.O-O Nd4
9.Rb1 f5 10.f4 fxe4 11.dxe4 d5 12.cxd5 exd5 13.Nxd4 cxd4 14.Nxd5 Nxd5 15.
Qb3 Qb6 16.exd5 Bf5 17.Ra1 Rfe8 18.Bf3 Qc5 19.Bd2 d3+ 20.Kg2 Re2+ 21.Bxe2 
dxe2 22.Rfe1 Be4+ 23.Kh3 h5 24.g4 Qf2 25.Rg1 hxg4+ 26.Rxg4 Bf6 27.Rag1 Bf5
28.Qg3 Qf1+ 29.Qg2 Qd1 30.Be1 Re8 31.d6 Qd3+ 32.Bg3 Bxg4+ 33.Kxg4 Qf5+ 34.
Kf3 Qe4+ 35.Kg4 Qe6+ 36.Kf3 Qd5+ 37.Kg4 Qh5# 0-1

[Event "55th World U20 ch"]
[Site "Bhubaneswar IND"]
[Date "2016.08.17"]
[Round "9.36"]
[White "Tahay, Alexis"]
[Black "Thogersen, Rasmus"]
[Result "1-0"]
[WhiteElo "2098"]
[BlackElo "2171"]
[EventDate "2016.08.08"]
[PlyCount "71"]

1.e4 e5 2.Nf3 Nc6 3.Bb5 a6 4.Ba4 Nf6 5.O-O Be7 6.Re1 b5 7.Bb3 d6 8.c3 O-O 
9.h3 Nb8 10.d4 Nbd7 11.Nbd2 Bb7 12.Bc2 Re8 13.Nf1 Bf8 14.Ng3 g6 15.Bg5 h6 
16.Bd2 Bg7 17.a4 c5 18.d5 c4 19.b4 cxb3 20.Bxb3 Nc5 21.c4 bxc4 22.Bxc4 a5 
23.Bb5 Re7 24.Rb1 Ba6 25.Qc2 Rb7 26.Bxa6 Rxa6 27.Nxe5 Rxb1 28.Rxb1 Nfxe4 
29.Nxe4 Nxe4 30.Nxf7 Qh4 31.Nxh6+ Kh7 32.Ng4 Nc5 33.Be3 Ra7 34.Bxc5 Rc7 
35.Rb5 Qg5 36.Be3 1-0

[Event "55th World U20 ch"]
[Site "Bhubaneswar IND"]
[Date "2016.08.17"]
[Round "9.37"]
[White "Avik, Sarker"]
[Black "Dassanayake, D. M. G. S."]
[Result "0-1"]
[WhiteElo "2000"]
[BlackElo "1859"]
[EventDate "2016.08.08"]
[PlyCount "105"]

1.d4 Nf6 2.c4 g6 3.Nc3 d5 4.Nf3 Bg7 5.Bg5 Ne4 6.Bf4 Nxc3 7.bxc3 c5 8.cxd5 
Qxd5 9.e3 O-O 10.Be2 cxd4 11.cxd4 Nc6 12.O-O h6 13.Qa4 Bd7 14.Qb5 Qxb5 15.
Bxb5 Rac8 16.Rab1 Bf5 17.Rb2 g5 18.Bg3 Na5 19.h4 Bf6 20.hxg5 hxg5 21.Be2 
a6 22.Ne5 Rfd8 23.f4 Bxe5 24.fxe5 Be6 25.Bf2 Bd5 26.Bd3 Nc4 27.Re2 Be6 28.
e4 Nxe5 29.dxe5 Rxd3 30.Be3 g4 31.Bg5 Rd7 32.Kf2 Rc3 33.Rc1 Rxc1 34.Bxc1 
Rd3 35.a3 g3+ 36.Ke1 Bg4 37.Rd2 Re3+ 38.Kf1 Rxe4 39.Bb2 Be6 40.Rd1 Bc4+ 
41.Kg1 Re2 42.Bc3 e6 43.Rd4 Rc2 44.Rg4+ Kf8 45.Rxg3 Ke8 46.Bb4 Kd7 47.Rg7 
Rc1+ 48.Kf2 Kc6 49.Bd6 Kd5 50.Ke3 f6 51.Bb4 Kxe5 52.Rxb7 Bd5 53.g3 0-1

[Event "55th World U20 ch"]
[Site "Bhubaneswar IND"]
[Date "2016.08.17"]
[Round "9.38"]
[White "Palucha, Szymon"]
[Black "Seppala, Joni"]
[Result "1-0"]
[WhiteElo "1932"]
[BlackElo "1765"]
[EventDate "2016.08.08"]
[PlyCount "117"]

1.e4 c5 2.Nf3 d6 3.d4 cxd4 4.Nxd4 Nf6 5.Nc3 a6 6.Be3 e5 7.Nb3 Be6 8.f3 Be7
9.Qd2 O-O 10.O-O-O Nbd7 11.g4 b5 12.g5 b4 13.gxf6 bxc3 14.Qxc3 Nxf6 15.Na5
Rc8 16.Nc6 Qc7 17.Nxe7+ Qxe7 18.Qa5 Rc6 19.Kb1 Rfc8 20.Rd2 Nh5 21.Rg1 Qh4 
22.Rdg2 f6 23.Bd3 g5 24.b3 Nf4 25.Bxf4 Qxf4 26.Qe1 Kf7 27.Qe2 h5 28.c4 a5 
29.a4 Ke7 30.Qf2 Rc5 31.Qe2 Rb8 32.Ka2 Rc6 33.Bc2 Rcb6 34.Qd3 Rh8 35.Qc3 
Ra6 36.Rd2 Rc8 37.Qd3 Rb6 38.Rgd1 Rcc6 39.Qc3 Ra6 40.Qd3 Rab6 41.Rc1 Rc5 
42.Bd1 Bf7 43.Rc3 Qh4 44.Qe2 Qf4 45.Rcd3 Qh4 46.Bc2 Qh3 47.f4 Qc8 48.fxg5 
fxg5 49.Qe3 g4 50.Rf2 Qg8 51.Rc3 Rb7 52.Bd3 Qg6 53.Rc1 Be6 54.Rcf1 Rc8 55.
Qd2 Ra7 56.Rf6 Qg8 57.Qh6 Rac7 58.Rxe6+ Qxe6 59.Qg7+ 1-0

[Event "55th World U20 ch"]
[Site "Bhubaneswar IND"]
[Date "2016.08.17"]
[Round "9.39"]
[White "Hsu Chuan Chia"]
[Black "Skettos, Nicolas"]
[Result "1-0"]
[WhiteElo "1777"]
[BlackElo "1561"]
[EventDate "2016.08.08"]
[PlyCount "109"]

1.e4 c5 2.Nf3 d6 3.d4 cxd4 4.Nxd4 Nf6 5.Nc3 a6 6.Bg5 e6 7.f4 h6 8.Bh4 Be7 
9.Qf3 Qc7 10.O-O-O Nbd7 11.Bd3 g5 12.fxg5 Ne5 13.Qe2 Nfg4 14.Nf3 Nxf3 15.
Qxf3 hxg5 16.Bg3 Ne5 17.Qf2 Bd7 18.Rhf1 f6 19.Be2 Rc8 20.h4 Qc5 21.hxg5 
fxg5 22.Qe1 b5 23.Qd2 b4 24.Nb1 Bb5 25.Bxb5+ Qxb5 26.Bxe5 Qxe5 27.Qxb4 Qc5
28.Qa4+ Qc6 29.Qxc6+ Rxc6 30.Rh1 Rxh1 31.Rxh1 Rc4 32.Nd2 Rd4 33.Rh3 g4 34.
Rd3 Ra4 35.a3 Bg5 36.Rxd6 Ke7 37.Rd3 Rxe4 38.Kd1 Bxd2 39.Kxd2 Rf4 40.Ke3 
Rf1 41.Ke2 Rb1 42.b3 Ra1 43.a4 Kf6 44.Rd1 Ra2 45.Kd3 Ke5 46.g3 a5 47.Re1+ 
Kd5 48.Rc1 e5 49.Ke3 Rb2 50.Kd3 Ra2 51.Re1 Rb2 52.Ra1 e4+ 53.Kc3 Rxc2+ 54.
Kxc2 Kd4 55.Kd2 1-0

[Event "55th World U20 ch"]
[Site "Bhubaneswar IND"]
[Date "2016.08.18"]
[Round "10.1"]
[White "Xiong, Jeffery"]
[Black "Nasuta, Grzegorz"]
[Result "1-0"]
[WhiteElo "2633"]
[BlackElo "2442"]
[EventDate "2016.08.08"]
[PlyCount "133"]

1.d4 Nf6 2.c4 g6 3.Nf3 Bg7 4.g3 d5 5.cxd5 Nxd5 6.Bg2 Nb6 7.Nc3 Nc6 8.e3 
O-O 9.O-O Re8 10.a3 Bd7 11.Nd2 Qc8 12.Nde4 Bh3 13.Bxh3 Qxh3 14.Nc5 Qc8 15.
b4 Nd7 16.Nb3 e6 17.Bd2 Ne7 18.Rc1 c6 19.e4 Qc7 20.Bg5 Rad8 21.Qe2 Qb8 22.
Rfd1 h6 23.Be3 e5 24.d5 cxd5 25.Nxd5 Nxd5 26.Rxd5 Nf6 27.Rxd8 Rxd8 28.f3 
b6 29.Rc6 Rd6 30.b5 Qd8 31.Kf2 Qe7 32.Qc4 Rd7 33.a4 Qa3 34.Nd2 Kh7 35.Rc7 
Rxc7 36.Qxc7 Qxa4 37.Qxf7 Qxb5 38.Qxa7 Nd7 39.Qa2 Qc6 40.Qc4 Qxc4 41.Nxc4 
b5 42.Nd6 b4 43.Ke2 Bf8 44.Nc4 Kg7 45.Kd3 Kf6 46.Nb2 Bc5 47.Nd1 Bxe3 48.
Nxe3 Ke6 49.Kc4 Nb8 50.Kb5 b3 51.Nc4 Kf6 52.Nd2 b2 53.Kc4 Nc6 54.Kc3 Nd4 
55.Kxb2 g5 56.Kc3 h5 57.Kc4 Nc6 58.Kd5 Nb4+ 59.Kd6 Nd3 60.Nc4 g4 61.fxg4 
hxg4 62.Ne3 Kg5 63.Ke6 Ne1 64.Kxe5 Nf3+ 65.Kd6 Nxh2 66.e5 Nf3 67.e6 1-0

[Event "55th World U20 ch"]
[Site "Bhubaneswar IND"]
[Date "2016.08.18"]
[Round "10.2"]
[White "Ivekovic, Bozidar"]
[Black "Xu Yinglun"]
[Result "1/2-1/2"]
[WhiteElo "2351"]
[BlackElo "2516"]
[EventDate "2016.08.08"]
[PlyCount "66"]

1.Nf3 Nf6 2.b3 b6 3.Bb2 e6 4.g3 Bb7 5.Bg2 d5 6.O-O Nbd7 7.c4 Bd6 8.d3 O-O 
9.Nbd2 c5 10.e4 dxe4 11.Nxe4 Nxe4 12.dxe4 Qc7 13.Qd2 Rfd8 14.Qg5 Bf8 15.
Rfe1 Nb8 16.Bf6 Rd7 17.Ne5 h6 18.Qg4 Rd4 19.Nf3 Rd7 20.Ne5 Rd6 21.Rad1 Nd7
22.Nxd7 Rxd7 23.Rxd7 Qxd7 24.Rd1 Qc7 25.Rd2 Bc6 26.Bc3 Rd8 27.Qd1 Rxd2 28.
Qxd2 Be7 29.Qb2 Qd8 30.Qe2 Qc7 31.Qb2 Qd8 32.Qe2 Qc7 33.Qb2 Qd8 1/2-1/2

[Event "55th World U20 ch"]
[Site "Bhubaneswar IND"]
[Date "2016.08.18"]
[Round "10.3"]
[White "Artemiev, Vladislav"]
[Black "Beradze, Irakli"]
[Result "1-0"]
[WhiteElo "2665"]
[BlackElo "2440"]
[EventDate "2016.08.08"]
[PlyCount "57"]

1.c4 c6 2.e4 d5 3.exd5 cxd5 4.d4 Nf6 5.Nc3 e6 6.Nf3 Bb4 7.cxd5 Nxd5 8.Bd2 
Nc6 9.Bd3 Nf6 10.O-O O-O 11.a3 Be7 12.Be3 b6 13.Qe2 Bb7 14.Rad1 Qc7 15.Bb1
Rad8 16.Bg5 Rfe8 17.Rfe1 Qb8 18.Bh4 Qf4 19.Bxf6 Bxf6 20.d5 Nd4 21.Nxd4 
Bxd4 22.Ba2 Kf8 23.dxe6 fxe6 24.Nb5 Ba6 25.Bc4 Bf6 26.Rxd8 Bxd8 27.g3 Qb8 
28.Nd4 Bc8 29.Bb5 1-0

[Event "55th World U20 ch"]
[Site "Bhubaneswar IND"]
[Date "2016.08.18"]
[Round "10.4"]
[White "Karthikeyan, Murali"]
[Black "Maghsoodloo, Parham"]
[Result "0-1"]
[WhiteElo "2514"]
[BlackElo "2576"]
[EventDate "2016.08.08"]
[PlyCount "170"]

1.Nf3 Nf6 2.g3 b6 3.Bg2 Bb7 4.O-O g6 5.d3 Bg7 6.e4 d6 7.Nh4 e5 8.f4 Nbd7 
9.Nc3 c6 10.f5 b5 11.Qe1 Bf8 12.h3 Be7 13.Qf2 Rg8 14.fxg6 hxg6 15.g4 Rg7 
16.Nf3 Nc5 17.Ne2 Ne6 18.a4 b4 19.a5 Ba6 20.Ng5 Nxg5 21.Bxg5 Nd7 22.Be3 
Nc5 23.Rfd1 Bh4 24.Qf3 Ne6 25.c3 bxc3 26.bxc3 c5 27.d4 cxd4 28.cxd4 Ng5 
29.Bxg5 Qxg5 30.Rac1 Kf8 31.Rc6 Bxe2 32.Qxe2 exd4 33.Rxd4 Bg3 34.Rd5 Be5 
35.Qd2 Qh4 36.Qf2 Qe7 37.Qc2 Kg8 38.a6 Rb8 39.Rc8+ Rxc8 40.Qxc8+ Kh7 41.
Qb7 Qh4 42.Qb1 Qg3 43.Rd3 Qh2+ 44.Kf1 f6 45.Qc1 d5 46.Rxd5 Bf4 47.Qc3 Be5 
48.Qd2 Bc7 49.Bf3 Qxh3+ 50.Qg2 Qh6 51.g5 fxg5 52.Qxg5 Qh3+ 53.Qg2 Qe6 54.
Qg4 Qxa6+ 55.Kg2 Rf7 56.Rd7 Qa2+ 57.Be2 Kg7 58.Rxf7+ Qxf7 59.Bd1 a5 60.Bc2
Be5 61.Qd1 Qf4 62.Qd3 Kh6 63.Bd1 Bc7 64.Bc2 Qh2+ 65.Kf1 Bb6 66.Qf3 Bd4 67.
Bd1 Qg1+ 68.Ke2 Kg5 69.Kd3 Be5 70.Kc4 Qd4+ 71.Kb5 Qb4+ 72.Ka6 Qc4+ 73.Kb6 
Qb4+ 74.Ka6 a4 75.Qg4+ Kf6 76.Qh4+ Kg7 77.Qg5 Qc4+ 78.Kb6 Qe6+ 79.Kc5 a3 
80.Bb3 Bd6+ 81.Kc6 Qxb3 82.Kxd6 Qb6+ 83.Kd7 Qa7+ 84.Ke6 Qf7+ 85.Kd6 a2 0-1

[Event "55th World U20 ch"]
[Site "Bhubaneswar IND"]
[Date "2016.08.18"]
[Round "10.5"]
[White "Svane, Rasmus"]
[Black "Aravindh, Chithambaram"]
[Result "1/2-1/2"]
[WhiteElo "2546"]
[BlackElo "2543"]
[EventDate "2016.08.08"]
[PlyCount "81"]

1.d4 Nf6 2.c4 e6 3.Nf3 d5 4.g3 Be7 5.Bg2 O-O 6.O-O dxc4 7.Ne5 Nc6 8.Bxc6 
bxc6 9.Nxc6 Qe8 10.Nxe7+ Qxe7 11.Qc2 e5 12.Rd1 Bb7 13.Nc3 Rad8 14.dxe5 Ng4
15.Bf4 Qc5 16.e4 Nxe5 17.Bxe5 Qxe5 18.Qe2 Qc5 19.Rxd8 Rxd8 20.Rd1 Rd4 21.
Kf1 g6 22.Rxd4 Qxd4 23.Ke1 Kg7 24.Qd2 Qc5 25.h4 Bc6 26.Ke2 Qb6 27.Kd1 Qc5 
28.Ke2 Qb6 29.f3 Qg1 30.Qe1 Qb6 31.Qd2 Qg1 32.Qe1 Qb6 33.Nd1 Bd7 34.Qc3+ 
f6 35.Ne3 Be6 36.a3 h5 37.e5 f5 38.Qb4 Qd4 39.Qc3 Qb6 40.Qb4 Qd4 41.Qc3 
1/2-1/2

[Event "55th World U20 ch"]
[Site "Bhubaneswar IND"]
[Date "2016.08.18"]
[Round "10.6"]
[White "Menezes, Christoph"]
[Black "Alexeenko, Kiril"]
[Result "1-0"]
[WhiteElo "2408"]
[BlackElo "2582"]
[EventDate "2016.08.08"]
[PlyCount "73"]

1.c4 e5 2.Nc3 Bb4 3.g3 Bxc3 4.bxc3 Nf6 5.Bg2 O-O 6.Nf3 e4 7.Nd4 Nc6 8.O-O 
Ne5 9.d3 d6 10.f4 exf3 11.Nxf3 c6 12.h3 h6 13.Kh1 Qa5 14.Qc2 Ng6 15.e4 Qh5
16.Ng1 Qe5 17.Bf4 Qe7 18.Qe2 d5 19.exd5 cxd5 20.cxd5 Qd8 21.c4 Re8 22.Qf3 
Kh7 23.Rae1 Rxe1 24.Rxe1 Qa5 25.Re2 Bd7 26.Bc1 Ba4 27.Rf2 Qb6 28.Be3 Qb1 
29.Bd4 Bd1 30.Qf5 Nh5 31.Kh2 Qb4 32.Nf3 Nxg3 33.Kxg3 Re8 34.Kh2 Kh8 35.Kg1
Re7 36.Nd2 Re1+ 37.Nf1 1-0

[Event "55th World U20 ch"]
[Site "Bhubaneswar IND"]
[Date "2016.08.18"]
[Round "10.7"]
[White "Wagner, Dennis"]
[Black "Bersamina, Paulo"]
[Result "0-1"]
[WhiteElo "2572"]
[BlackElo "2402"]
[EventDate "2016.08.08"]
[PlyCount "131"]

1.d4 Nf6 2.c4 e6 3.Nf3 Bb4+ 4.Bd2 Qe7 5.g3 O-O 6.Bg2 Bxd2+ 7.Qxd2 d6 8.Nc3
e5 9.O-O Nc6 10.Rfe1 h6 11.Nd5 Qd8 12.dxe5 Nxe5 13.Nxe5 dxe5 14.Qb4 c6 15.
Ne7+ Kh7 16.Rad1 Qe8 17.Nxc8 Qxc8 18.Qe7 Qb8 19.Rd3 Ng8 20.Qc5 Nf6 21.Qe7 
Ng8 22.Qc5 Nf6 23.Rd6 Re8 24.Red1 Qc7 25.Qe3 Qe7 26.Be4+ Kg8 27.c5 Red8 
28.Bc2 Re8 29.Bb3 e4 30.Qd4 Qe5 31.Bc4 Qxd4 32.R1xd4 a5 33.a3 Kf8 34.Kg2 
Re5 35.b4 axb4 36.axb4 Ke7 37.Rd1 Ra4 38.Rb1 b5 39.Bb3 Rxb4 40.Rxc6 Nd7 
41.Rc7 Rxc5 42.Rb7 Kd8 43.Rd1 Rc7 44.Rxc7 Kxc7 45.Bxf7 Rb2 46.e3 Ne5 47.
Bd5 Ng4 48.Rc1+ Kd6 49.Bxe4 Nxf2 50.Kf3 Nxe4 51.Kxe4 Rxh2 52.Rd1+ Kc6 53.
Rc1+ Kb6 54.g4 b4 55.Rc8 Rh4 56.Kf5 g6+ 57.Kxg6 Rxg4+ 58.Kf5 Rg5+ 59.Kf6 
Rb5 60.e4 b3 61.Rc1 b2 62.Rb1 Ka5 63.e5 Ka4 64.e6 Ka3 65.e7 Rb6+ 66.Kg7 
0-1

[Event "55th World U20 ch"]
[Site "Bhubaneswar IND"]
[Date "2016.08.18"]
[Round "10.8"]
[White "Henriquez Villagra, Cristobal"]
[Black "Srijit, Paul"]
[Result "1/2-1/2"]
[WhiteElo "2520"]
[BlackElo "2217"]
[EventDate "2016.08.08"]
[PlyCount "107"]

1.d4 f5 2.c4 Nf6 3.g3 g6 4.Nf3 Bg7 5.b4 c6 6.Bb2 d5 7.e3 O-O 8.Nbd2 Be6 9.
Ng5 Bd7 10.h4 h6 11.Nh3 Be6 12.c5 Nbd7 13.Be2 Bf7 14.f4 b6 15.Rc1 Ne4 16.
Nxe4 dxe4 17.Qa4 b5 18.Qa6 Qc7 19.Bc3 Nf6 20.Nf2 Nd5 21.Nd1 Qc8 22.Qa3 a5 
23.bxa5 Nxc3 24.Nxc3 Qa6 25.Rb1 Qxa5 26.Qxa5 Rxa5 27.Bd1 b4 28.Na4 Rb8 29.
Rh2 Rb7 30.Rhb2 Rba7 31.Rxb4 Bxa2 32.Rb8+ Kf7 33.R1b4 Bf6 34.Kd2 g5 35.
hxg5 hxg5 36.Nc3 Be6 37.Bh5+ Kg7 38.Be8 Bd7 39.Bxd7 Rxd7 40.R4b7 Rxb7 41.
Rxb7 Ra8 42.Rb6 Rc8 43.Na2 Rh8 44.Nb4 Rh2+ 45.Kd1 Rh1+ 46.Ke2 Rh2+ 47.Kf1 
gxf4 48.gxf4 Bh4 49.d5 cxd5 50.c6 d4 51.c7 dxe3 52.Kg1 Rb2 53.c8=Q e2 54.
Qc3+ 1/2-1/2

[Event "55th World U20 ch"]
[Site "Bhubaneswar IND"]
[Date "2016.08.18"]
[Round "10.9"]
[White "Visakh, N. R."]
[Black "Narayanan, Sunilduth Lyna"]
[Result "1/2-1/2"]
[WhiteElo "2431"]
[BlackElo "2515"]
[EventDate "2016.08.08"]
[PlyCount "120"]

1.e4 c6 2.d4 d5 3.Nc3 dxe4 4.Nxe4 Bf5 5.Ng3 Bg6 6.Nf3 e6 7.Bd3 Nf6 8.O-O 
Be7 9.Re1 O-O 10.Bxg6 hxg6 11.c4 c5 12.b3 Nc6 13.Bb2 Qb6 14.dxc5 Bxc5 15.
Qe2 Rfd8 16.Rab1 a5 17.Bc3 Bb4 18.Qb2 Bxc3 19.Qxc3 Nb4 20.Re2 Rd3 21.Qe1 
Rad8 22.Ne5 R3d4 23.h3 Nd3 24.Nxd3 Rxd3 25.Nf1 Qc7 26.Rd2 Rxd2 27.Nxd2 Rd3
28.Nf1 Qd8 29.Rb2 Nd7 30.Rd2 Nc5 31.Qe3 b6 32.a3 Kf8 33.b4 Rxd2 34.Nxd2 
axb4 35.axb4 Nd3 36.c5 bxc5 37.bxc5 Nb4 38.Ne4 Qd1+ 39.Kh2 Qd5 40.Qf4 Nc6 
41.Qd6+ Qxd6+ 42.Nxd6 Ke7 43.f4 Nd4 44.Ne4 Kd7 45.h4 f6 46.Kh3 Nb3 47.g4 
f5 48.Ng3 Nxc5 49.h5 Nd3 50.hxg6 Nxf4+ 51.Kh4 Ng2+ 52.Kh3 Ne3 53.gxf5 Nxf5
54.Nh5 e5 55.Kg4 Ke6 56.Kg5 e4 57.Kf4 e3 58.Nxg7+ Kf6 59.Nh5+ Kxg6 60.Ng3 
Nxg3 1/2-1/2

[Event "55th World U20 ch"]
[Site "Bhubaneswar IND"]
[Date "2016.08.18"]
[Round "10.10"]
[White "Grandadam, Patrik"]
[Black "Gagare, Shardul"]
[Result "1/2-1/2"]
[WhiteElo "2325"]
[BlackElo "2486"]
[EventDate "2016.08.08"]
[PlyCount "114"]

1.e4 e6 2.d4 d5 3.Nd2 c5 4.exd5 Qxd5 5.Ngf3 cxd4 6.Bc4 Qd6 7.O-O Nc6 8.Nb3
Nf6 9.Nbxd4 Nxd4 10.Nxd4 a6 11.Re1 Be7 12.Bf1 O-O 13.c3 Qc7 14.Qf3 Bd6 15.
g3 e5 16.Nb3 Bg4 17.Qd3 h6 18.Nd2 Rad8 19.Ne4 Nxe4 20.Qxe4 f5 21.Qc4+ Kh8 
22.Qxc7 Bxc7 23.Bg2 b6 24.Bb7 a5 25.f3 Bh5 26.Be3 Bf7 27.b3 Rd3 28.Ba6 
Rxc3 29.Rac1 Rxc1 30.Rxc1 Bd8 31.Rc8 Kg8 32.Rb8 Bd5 33.Bxb6 Bxb6+ 34.Rxb6 
Bxf3 35.Bc4+ Kh7 36.Rb5 e4 37.Rxa5 g5 38.Kf2 f4 39.gxf4 gxf4 40.Re5 Kg6 
41.a4 Kf6 42.Re6+ Kf5 43.Rc6 Bg4 44.Be6+ Kg5 45.Bxg4 Kxg4 46.h3+ Kf5 47.a5
Rg8 48.Rc5+ Ke6 49.a6 Kd6 50.Rc4 e3+ 51.Kf3 Re8 52.a7 e2 53.Rc1 Ra8 54.
Kxe2 Rxa7 55.Kf3 Rb7 56.Kxf4 Rxb3 57.Kg4 Rb5 1/2-1/2

[Event "55th World U20 ch"]
[Site "Bhubaneswar IND"]
[Date "2016.08.18"]
[Round "10.11"]
[White "Xu Yi"]
[Black "Lorparizangeneh, Shahin"]
[Result "1/2-1/2"]
[WhiteElo "2371"]
[BlackElo "2478"]
[EventDate "2016.08.08"]
[PlyCount "51"]

1.e4 e5 2.Nf3 Nc6 3.Bc4 Bc5 4.c3 Nf6 5.d3 O-O 6.O-O d6 7.Bg5 h6 8.Bh4 g5 
9.Bg3 a6 10.a4 Ba7 11.Na3 Ne7 12.Re1 Ng6 13.d4 Qe7 14.Nc2 c6 15.Ne3 Nf4 
16.Qc2 exd4 17.Nf5 Bxf5 18.exf5 Qc7 19.Bxf4 gxf4 20.cxd4 Rae8 21.Qd2 d5 
22.Bd3 Ne4 23.Qc2 Nf6 24.Qd2 Ne4 25.Qc2 Nf6 26.Qd2 1/2-1/2

[Event "55th World U20 ch"]
[Site "Bhubaneswar IND"]
[Date "2016.08.18"]
[Round "10.12"]
[White "Mosadeghpour, Masoud"]
[Black "Beukema, Stefan"]
[Result "1-0"]
[WhiteElo "2437"]
[BlackElo "2380"]
[EventDate "2016.08.08"]
[PlyCount "69"]

1.Nf3 Nf6 2.g3 c5 3.Bg2 Nc6 4.d4 cxd4 5.Nxd4 Qb6 6.Nb3 e6 7.c4 d6 8.O-O 
Be7 9.Bf4 Qc7 10.Nc3 a6 11.Rc1 Ne5 12.c5 dxc5 13.Nxc5 Qxc5 14.Nd5 Nxd5 15.
Rxc5 Bxc5 16.Bxe5 O-O 17.Bxd5 exd5 18.Qxd5 Ba7 19.Rc1 Be6 20.Qxb7 Bxa2 21.
b3 Rfe8 22.Ra1 Bxb3 23.Qxb3 Rxe5 24.Qb7 Bxf2+ 25.Kxf2 Rae8 26.Qxa6 h5 27.
Qd3 g6 28.Ra4 Kg7 29.e4 h4 30.gxh4 R8e6 31.Qd4 Rf6+ 32.Kg3 Ree6 33.Ra5 Rd6
34.Rd5 Ra6 35.h5 1-0

[Event "55th World U20 ch"]
[Site "Bhubaneswar IND"]
[Date "2016.08.18"]
[Round "10.13"]
[White "Tran Tuan Minh"]
[Black "Pirverdiev, Agil"]
[Result "1-0"]
[WhiteElo "2473"]
[BlackElo "2364"]
[EventDate "2016.08.08"]
[PlyCount "79"]

1.d4 Nf6 2.c4 g6 3.Nc3 Bg7 4.g3 O-O 5.Bg2 d6 6.Nf3 Nc6 7.O-O a6 8.b3 Rb8 
9.Bb2 b5 10.cxb5 axb5 11.Rc1 Bd7 12.Re1 b4 13.Na4 Na5 14.Qc2 Rc8 15.Nd2 c5
16.dxc5 Bxa4 17.bxa4 Rxc5 18.Qd3 Qd7 19.Nb3 Rxc1 20.Bxc1 Nc6 21.Bd2 d5 22.
Rc1 Rb8 23.Qc2 Ne5 24.Bf4 Nh5 25.Qc7 Qxc7 26.Rxc7 e6 27.a5 Ra8 28.e4 Rd8 
29.exd5 exd5 30.a6 Nxf4 31.gxf4 Nd3 32.Bxd5 Nxf4 33.Bxf7+ Kh8 34.Bc4 Be5 
35.Re7 Bd6 36.Rf7 h5 37.h4 g5 38.hxg5 h4 39.a7 Be5 40.g6 1-0

[Event "55th World U20 ch"]
[Site "Bhubaneswar IND"]
[Date "2016.08.18"]
[Round "10.14"]
[White "Rahul Srivatshav, P."]
[Black "Praggnanandhaa, R."]
[Result "0-1"]
[WhiteElo "2280"]
[BlackElo "2429"]
[EventDate "2016.08.08"]
[PlyCount "90"]

1.d4 Nf6 2.c4 g6 3.Nc3 d5 4.cxd5 Nxd5 5.e4 Nxc3 6.bxc3 Bg7 7.Nf3 c5 8.Be3 
Qa5 9.Qd2 O-O 10.Rc1 Nd7 11.e5 cxd4 12.cxd4 Qxd2+ 13.Bxd2 Nb6 14.Bd3 Be6 
15.a4 Nxa4 16.Be4 Rac8 17.Bxb7 Rxc1+ 18.Bxc1 Rb8 19.Ba6 Rb6 20.Be2 Nc3 21.
Bd3 Bf5 22.Bxf5 gxf5 23.Rf1 e6 24.Kd2 Nd5 25.Ba3 a5 26.Ra1 a4 27.Kc2 f6 
28.Bc5 Ra6 29.exf6 Bxf6 30.Rb1 Ra5 31.Rb7 e5 32.Rd7 Nf4 33.Bb4 Rd5 34.Rd6 
Rxd6 35.Bxd6 e4 36.Bxf4 exf3 37.gxf3 Bxd4 38.Bd6 Kf7 39.Kd3 Ke6 40.Ba3 Kd5
41.Bc1 Bxf2 42.Kc3 Be1+ 43.Kd3 Bb4 44.Bb2 Bd6 45.Bg7 Bxh2 0-1

[Event "55th World U20 ch"]
[Site "Bhubaneswar IND"]
[Date "2016.08.18"]
[Round "10.15"]
[White "Mousavi, Seyed Khalil"]
[Black "Dhulipalla, Bala Chandra Prasad"]
[Result "0-1"]
[WhiteElo "2422"]
[BlackElo "2276"]
[EventDate "2016.08.08"]
[PlyCount "126"]

1.d4 Nf6 2.c4 g6 3.Nc3 Bg7 4.e4 d6 5.Nge2 O-O 6.Ng3 h5 7.h4 c5 8.d5 Nbd7 
9.Bf4 Ne5 10.Qd2 a6 11.Bh6 Bxh6 12.Qxh6 Qa5 13.Qd2 b5 14.cxb5 Rb8 15.a4 
Bd7 16.f4 Neg4 17.Bc4 Qb4 18.b3 axb5 19.Nxb5 Ne3 20.Qxb4 cxb4 21.Ke2 Nfg4 
22.Rhg1 Rfc8 23.Kd3 Ra8 24.Rac1 Rc5 25.Nf1 Nxc4 26.Rxc4 Bxb5 27.axb5 Rxb5 
28.Nd2 f5 29.Rd4 Nf6 30.e5 dxe5 31.fxe5 Nxd5 32.Nf3 Rc8 33.Rc4 Rd8 34.Ra1 
Nb6+ 35.Rd4 Rxd4+ 36.Kxd4 Rd5+ 37.Ke3 Nd7 38.e6 Nc5 39.Ra5 Kg7 40.Rb5 Kf6 
41.Ng5 Ke5 42.Nf3+ Kf6 43.Ng5 Rd3+ 44.Ke2 Rc3 45.Rxb4 Rxb3 46.Rc4 Rb5 47.
Rc2 Ra5 48.Rb2 Ra6 49.Rc2 Nxe6 50.Nf3 Nf4+ 51.Kf2 e5 52.Ng5 Ne6 53.Nh7+ 
Kg7 54.Ng5 Nxg5 55.hxg5 Kf7 56.Rc7+ Ke6 57.Rg7 Kd5 58.Rf7 Ra2+ 59.Kg1 e4 
60.Kf1 e3 61.Re7 Kd4 62.Re6 Rf2+ 63.Kg1 Rf4 0-1

[Event "55th World U20 ch"]
[Site "Bhubaneswar IND"]
[Date "2016.08.18"]
[Round "10.16"]
[White "Taalaibekov, Tagir"]
[Black "Akash, Ganesan"]
[Result "0-1"]
[WhiteElo "2182"]
[BlackElo "2400"]
[EventDate "2016.08.08"]
[PlyCount "102"]

1.d4 g6 2.Nc3 Bg7 3.Bf4 d6 4.e3 Nd7 5.Nf3 Ngf6 6.h4 c6 7.Bc4 b5 8.Be2 Bb7 
9.Nd2 h6 10.Bf3 a6 11.g4 b4 12.Nce4 Nxe4 13.Bxe4 d5 14.Bg2 e5 15.dxe5 Nxe5
16.Bg3 O-O 17.Qe2 a5 18.f3 d4 19.Bxe5 Bxe5 20.O-O-O dxe3 21.Qxe3 Qf6 22.
Ne4 Bxb2+ 23.Kb1 Qg7 24.g5 h5 25.Rd6 Rfe8 26.Qb3 Be5 27.Nf6+ Bxf6 28.gxf6 
Qf8 29.Rhd1 Bc8 30.f4 a4 31.Qg3 Bg4 32.R1d3 Bf5 33.Bxc6 b3 34.Bxa8 bxc2+ 
35.Kc1 Rxa8 36.Qf3 Rb8 37.Qd5 Bxd3 38.Qxd3 Rc8 39.f5 Qh6+ 40.Qd2 Qxd2+ 41.
Rxd2 gxf5 42.Rg2+ Kh7 43.Rg5 Rc5 44.Rxh5+ Kg6 45.Rh8 f4 46.Rg8+ Kh5 47.Rg7
f3 48.Rg3 Rf5 49.Rg1 f2 50.Rf1 Kxh4 51.Kxc2 Kg3 0-1